Basket - Qui marque le panier ? - Statistiques

Statistiques générales
  • Ce quiz a été pris 1 785 fois
  • Le résultat moyen est 9 sur 10
Statistiques - réponses
Hint Réponse % Correct
Michael Jordan
99%
Tony Parker
93%
Victor Wembanyama
93%
Luka Doncic
92%
Shaquille O'Neal
90%
Kobe Bryant
89%
Tim Duncan
84%
Scottie Pippen
78%
Wilt Chamberlain
71%
Vince Carter
66%
Aucun quiz correspondant
Distribution des résultats
% des personnes avec chaque résultat
Percentile par nombre de réponses
Votre historique - résultats
Vous n’avez pas pris ce quiz